| 000 | 00756cam a2200217 4500 | ||
|---|---|---|---|
| 001 | WB3603-04 | ||
| 008 | 000000n2000 000 0 eng u | ||
| 035 | _a(Sirsi) u103675 | ||
| 245 | _aLandlords concerned over space | ||
| 260 | _c2000 | ||
| 490 |
_aRetail Week _v14 January 2000, 18(1) |
||
| 520 | _aA survey by Baring Houston & Saunders suggests that investor confidence in retail property is low, with internet shopping and retailers' poor performance seen as threats. | ||
| 590 | _aWB | ||
| 650 | _aRETAIL PROPERTY | ||
| 650 | _aSURVEYS | ||
| 650 | _aBARING HOUSTON AND SAUNDERS | ||
| 650 | _aPROPERTY INVESTMENT | ||
| 650 | _aFORECASTS | ||
| 690 | _aPROPERTY-COMMERCIAL PROPERTY-COMMERCIAL PROPERTY FINANCE AND INVESTMENT | ||
| 942 | _n0 | ||
| 999 |
_c62252 _d62252 |
||